Hľadanie rovnovážnych cien bytov na Slovensku
Hlbšie porozumenie vývoju na trhu bývania na Slovensku je nesmierne dôležité pre chápanie vývoja v ekonomike, ako aj na finančnom trhu. Otázka určenia rovnovážnej ceny má v tomto kontexte dôležité miesto. Návrh indikátora rovnovážnej ceny bytov, ktorý sa opiera o makroekonomické fundamenty, najmä di...
Uložené v:
| Hlavný autor: | |
|---|---|
| Ďalší autori: | |
| Médium: | Kapitola |
| Jazyk: | Slovak |
| Predmet: | |
| Tagy: |
Žiadne tagy, Buďte prvý, kto otaguje tento záznam!
|
MARC
| LEADER | 00000naa a2200000 4500 | ||
|---|---|---|---|
| 001 | 0208262 | ||
| 005 | 20220728114517.6 | ||
| 041 | 0 | |a slo | |
| 044 | |a SK | ||
| 245 | 1 | 0 | |a Hľadanie rovnovážnych cien bytov na Slovensku |c Štefan Rychtárik, Pavol Latta |
| 520 | |a Hlbšie porozumenie vývoju na trhu bývania na Slovensku je nesmierne dôležité pre chápanie vývoja v ekonomike, ako aj na finančnom trhu. Otázka určenia rovnovážnej ceny má v tomto kontexte dôležité miesto. Návrh indikátora rovnovážnej ceny bytov, ktorý sa opiera o makroekonomické fundamenty, najmä disponibilné príjmy, úrokové sadzby a trh práce. Indikátor je kalibrovaný prostredníctvom konvexnej minimalizácie výkyvov vo vzťahu úverovej kapacity a cien bytov prostredníctvom zmien na trhu práce. Reziduálne výkyvy sú interpretované ako podhodnotenie alebo nadhodnotenie cien bytov vzhľadom na makroekonomické fundamenty. | ||
| 610 | 2 | 0 | |a ceny |
| 610 | 2 | 0 | |a nehnuteľnosti |
| 610 | 2 | 0 | |a byty |
| 610 | 2 | 0 | |a Slovensko |
| 610 | 2 | 0 | |a vývoj cenový |
| 100 | 1 | |a Rychtárik, Štefan | |
| 700 | 1 | |a Latta, Pavol | |